00483nam a2200121Ia 45000010005000000080041000050820030000461000107000762450113001832600024002969010026003209990015003464341241024s9999 xx 000 0 und d aRD/370.97293/R426doc/2013 aRepública Dominicana. Ministerio de Educación. Dirección de Acreditación de Centros Educativos 0aDocumentación Relacionada con las Tarifas de los Centros Educativos Privados en la República Dominicana. bSanto Domingoc2013 a1/9/2016 2:49:07 p.m. c9095d9095